| 000 | 00492cam a2200181ua 4500 | ||
|---|---|---|---|
| 020 | _c120.00 | ||
| 041 |
_aeng _h |
||
| 082 |
_a547.71 _bGUE/ES |
||
| 100 | _aGuenther, Ernest . | ||
| 245 |
_aEssential oils : Vol 4 individual essential oils of the plant families / _cErnest Guenther. _hTextual Documents |
||
| 250 |
_a1 / _b. |
||
| 260 |
_a : _bD.Van nostrant co. , _c1950. |
||
| 300 |
_a752 : _b` ; . |
||
| 365 | _a120.00 | ||
| 504 | _a | ||
| 942 | _cBK | ||
| 999 |
_c1782 _d1782 |
||